Dictionnaire detaille des noms des vetements chez les Arabes :

محفوظ في:

المؤلف الرئيسي: Dozy, Reinhart Pieter Anne.

التنسيق: كتاب

اللغة: Undetermined

منشور في: Beirut : Librairie du Liban, 1843.

الموضوعات:

الوسوم: إضافة وسم

لا توجد وسوم, كن أول من يضع وسما على هذه التسجيلة!

رقم الطلب: (Ref.) PJ680 .D7

LEADER 00657nam a2200169Ia 4500
008 220712s9999||||xx |||||||||||||| ||und||
050 4 |a (Ref.) PJ680 .D7 
100 1 |a Dozy, Reinhart Pieter Anne. 
245 1 0 |a Dictionnaire detaille des noms des vetements chez les Arabes : 
264 1 |a Beirut :  |b Librairie du Liban,  |c 1843. 
300 |a viii, 444p. :  |b  ;  |c 23cm. 
504 |a Includes bibliographical references. 
555 4 |o (Ref.) PJ680 .D7 
650 |a Arabic language Dictionaries French. 
650 4 |a Costume Arab. 
952 |0 0  |1 0  |2 lcc  |4 0  |7 1  |9 41849  |a ARCE  |b ARCE  |d 2022-07-21  |l 0  |o (Ref.) PJ680 .D7  |p 1036389  |r 2022-07-21 00:00:00  |w 2022-07-21  |y BK 
999 |c 48828  |d 48828